00929nam a2200241 a 4500001001000000003000900010005001700019007000300036008004100039040002500080082002400105245009000129260003600219300003600255650005200291650005300343650010100396651008400497700003900581700001900620700001800639700003000657000030681DO-SdBNP20250718093928.0ta110525s1976 dr ac r 000 | spa d aDO-SdBNPbspacBNPHU a972.9301bA772y22200aArqueología de Yuma :bRepública Dominicana /cMarcio Veloz Maggiolo... [et al.]. aSanto Domingo :bTaller,c1976. a346 p. :bil., retrs. ;c23 cm. 0aArqueologíaxHistoriazRepública Dominicana 4aArqueología indígenazRepública Dominicana 4aExcavaciones arqueológicasxInvestigacioneszSan Rafael Del Yuma (Rpública Dominicana{Rpara} 4aPiezas IndígenaszSan Rafael Del Yuma (Rpública Dominicana{Rpara}xHistoria1 aVeloz Maggiolo, Marcio,d1936-20211 aVargas, Iraida1 aSanoja, Mario1 aLuna Calderón, Fernando